| 000 | 00640cam5a220022900 4500 | ||
|---|---|---|---|
| 001 | zam00003271 | ||
| 008 | 951128s1991 xx eng u | ||
| 035 | _a(Sirsi) r20603 | ||
| 035 | _a(MACHINE)SLC. | ||
| 050 | _aLB 2342 KEL 1991 | ||
| 100 | 1 |
_aKelly, Michael J. _6A6530.1 |
|
| 245 | 1 | 5 | _aThe Financing of Education in Zambia. |
| 260 | _c1991. | ||
| 949 |
_aKEL1-FIN _wlcc _mMAIN _tBOOK _lON-SHELF |
||
| 004 | 20603 | ||
| 591 | _aClass code: ED 110. | ||
| 591 | _aCourse: Education and development. | ||
| 591 | _aSchool: S03. | ||
| 591 | _aLecturer: Prof. KELLY, M.J. | ||
| 591 | _aNumber of Students: 236. | ||
| 909 | _aBook | ||
| 999 |
_c172220 _d172220 |
||